Normal view
MARC view
Entry Personal Name
001 - CONTROL NUMBER
- control field: 14867
003 - CONTROL NUMBER IDENTIFIER
- control field: OSt
005 - DATE AND TIME OF LATEST TRANSACTION
- control field: 20250307023008.0
008 - FIXED-LENGTH DATA ELEMENTS
- fixed length control field: 250307|| aca||aabn | a|a d
040 ## - CATALOGING SOURCE
- Original cataloging agency: OSt
- Transcribing agency: OSt
100 ## - HEADING--PERSONAL NAME
- Personal name: Polero, Sharon B., author
670 ## - SOURCE DATA FOUND
- Source citation: Work cat.: (OSt): Capumpon, Robelyn O., author. 14866, Employability of graduates of bachelor of science in industrial technology of the cavite state university-rosario s.y. 2000-2001 to 2005-2006, 2007
